000 00692nam a2200193 i 4500
001 131524
003 ES-MaACL
005 20230906194011.0
007 t|
008 070214s1963 sp |||| | spa d
080 _a946.814 Baeza"1147"(042)
100 1 _aRodríguez Fernández, Justiniano.
_998517
245 1 3 _aEl pendón isidoriano de Baeza y su cofradía /
_cJustiniano Rodríguez Fernández.
260 _aLeón :
_b[Diputación Provincial de León, Servicio de Publicaciones],
_c1963 (
_fImp. Provincial)
300 _a48 p. ;
_c24 cm.
650 4 _aBaeza, Batalla de, 1147.
_9162022
710 1 _aLeón (Provincia).
_bDiputación Provincial.
_95494
852 _aES-MaACL
_j2019-F-31
999 _c131524
_d131524